| 000 | 00529cab a2200181 4500 | ||
|---|---|---|---|
| 001 | WB2546-30 | ||
| 008 | 090401t1989 xxu||||| |||| 00| 0 eng d | ||
| 035 | _a(Sirsi) u4303 | ||
| 041 | _aeng | ||
| 245 | _aCovenants still hold good | ||
| 260 | _c1989 | ||
| 350 | _a0 | ||
| 490 |
_aDaily Mail _v22/11/89 p32 |
||
| 520 | _aRestrictive covenants , at one time made to protect an area before the Town and Country Planning Acts, are making a comeback. | ||
| 690 | _aPLANNING LAW AND PRACTICE | ||
| 942 | _n0 | ||
| 948 | _c04/03/1997 | ||
| 999 |
_c2581 _d2581 |
||